Ak chceme znížiť cenu potravín, musíme zmeniť rozvoj poľnohospodárstva na Slovensku /
Enregistré dans:
| Auteur principal: | |
|---|---|
| Format: | Livre |
| Langue: | slovaque |
| Publié: |
Bratislava:
Faber,
2022
|
| Sujets: | |
| Tags: |
Pas de tags, Soyez le premier à ajouter un tag!
|
MARC
| LEADER | 00000nam a22000003a 4500 | ||
|---|---|---|---|
| 001 | 0098700 | ||
| 003 | SK-STU | ||
| 005 | 20221129103730.2 | ||
| 007 | ta | ||
| 008 | 221129s ----xo-----e------000-0-----d | ||
| 020 | |a 978-80-89019-39-7 | ||
| 040 | |a STU |b slo | ||
| 041 | 0 | |a slo |h slo | |
| 044 | |a xo | ||
| 100 | 1 | |a Bartúnek, Pavel |r Z5 | |
| 245 | 1 | 0 | |a Ak chceme znížiť cenu potravín, musíme zmeniť rozvoj poľnohospodárstva na Slovensku / |c Pavel Bartúnek |
| 260 | |a Bratislava: |b Faber, |c 2022 | ||
| 300 | |a 65 s. | ||
| 650 | 0 | 7 | |a poľnohospodárstvo |
| 650 | 0 | 7 | |a farmy na Slovensku |
| 996 | |b 284V037925 |c V* 53463/O-24623 |l VVT |s A |a 24 |w 0098700_0001 | ||